LIBRARY ONLINE CATALOGUE

Public finance and international trade. (Record no. 11931)

MARC details
000 -LEADER
fixed length control field 00644cam a22002292 4500
001 - CONTROL NUMBER
control field 0000004391
005 - DATE AND TIME OF LATEST TRANSACTION
control field 20151217155210.0
008 - FIXED-LENGTH DATA ELEMENTS--GENERAL INFORMATION
fixed length control field 070522s xx 000 0 eng d
020 ## - INTERNATIONAL STANDARD BOOK NUMBER
International Standard Book Number 8187125942 :
Terms of availability KES 495
040 ## - CATALOGING SOURCE
Original cataloging agency KABU
Transcribing agency KABU
050 #0 - LIBRARY OF CONGRESS CALL NUMBER
Classification number HJ141
Item number .J45 2004
100 1# - MAIN ENTRY--PERSONAL NAME
Personal name Jhingan, M. L.
-- 0000154929
245 10 - TITLE STATEMENT
Title Public finance and international trade.
250 ## - EDITION STATEMENT
Edition statement 2nd ed.
260 ## - PUBLICATION, DISTRIBUTION, ETC. (IMPRINT)
Place of publication, distribution, etc. Delhi :
Name of publisher, distributor, etc. Vrinda,
Date of publication, distribution, etc. 2004.
300 ## - PHYSICAL DESCRIPTION
Extent x, 370 p.
650 #0 - SUBJECT ADDED ENTRY--TOPICAL TERM
Topical term or geographic name as entry element Public finance.
-- 0000152733
650 #0 - SUBJECT ADDED ENTRY--TOPICAL TERM
Topical term or geographic name as entry element International trade.
-- 0000149976
908 ## - PUT COMMAND PARAMETER (RLIN)
Put command parameter 070522
950 ## - LOCAL HOLDINGS (RLIN)
-- 1
Holdings
Withdrawn status Lost status Source of classification or shelving scheme Not for loan Home library Current library Date acquired Total Checkouts Total Renewals Full call number Barcode Date last seen Date last checked out Price effective from Koha item type
    Library of Congress Classification   Kabarak, Main Campus Kabarak, Main Campus 17/12/2015 17 2 HJ141 .J45 2004 007082 14/03/2024 07/03/2024 17/12/2015 General Collection